[Event "FAI-chT2 2021"]
[Site "Faroe Islands"]
[Date "2020.10.18"]
[Round "3.4"]
[White "Hansen, Hanus Ingi"]
[Black "Petersen, Hjalti"]
[Result "1-0"]
[WhiteElo "1728"]
[BlackElo "1578"]
[PlyCount "65"]
[EventDate "2020.10.04"]
[EventType "team-tourn"]
[EventRounds "10"]
[EventCountry "FAI"]
[SourceTitle "EXT 2022"]
[Source "ChessBase"]
[SourceDate "2021.10.06"]
[SourceVersion "1"]
[SourceVersionDate "2021.10.06"]
[SourceQuality "1"]
[WhiteTeam "Vestmanna"]
[BlackTeam "Sandavagur II"]
[WhiteTeamCountry "FAI"]
[BlackTeamCountry "FAI"]

1. d4 g6 2. Bf4 Bg7 3. e4 Nf6 4. Nc3 0-0 5. Qd2 d6 6. 0-0-0 Na6 7. Bh6 Bd7 8. h4 b5 9. Bxg7 Kxg7 10. e5 Ng8 11. h5 dxe5 12. hxg6 fxg6 13. dxe5 Bc6 14. Qe3 Qe8 15. Nh3 h6 16. f4 Qf7 17. Kb1 b4 18. Ne4 Bxe4 19. Qxe4 Nc5 20. Qxb4 Ne6 21. g3 Rfd8 22. Bc4 Qf5 23. Nf2 a5 24. Qc3 c5 25. Rxd8 Rxd8 26. Qxa5 Rd4 27. Bxe6 Qxe6 28. Qxc5 Rc4 29. Qe3 Qc6 30. Qd3 h5 31. Rd1 Nh6 32. Qd7 Qc5 33. Nd3 1-0

[Event "FAI-chT2 2021"]
[Site "Faroe Islands"]
[Date "2020.10.04"]
[Round "1.4"]
[White "Petersen, Hjalti"]
[Black "Andreasen, Jon S"]
[Result "1/2-1/2"]
[WhiteElo "1578"]
[BlackElo "1693"]
[PlyCount "67"]
[EventDate "2020.10.04"]
[EventType "team-tourn"]
[EventRounds "10"]
[EventCountry "FAI"]
[SourceTitle "EXT 2022"]
[Source "ChessBase"]
[SourceDate "2021.10.06"]
[SourceVersion "1"]
[SourceVersionDate "2021.10.06"]
[SourceQuality "1"]
[WhiteTeam "Sandavagur II"]
[BlackTeam "Havnin III"]
[WhiteTeamCountry "FAI"]
[BlackTeamCountry "FAI"]

1. e4 c6 2. d4 d5 3. Nc3 dxe4 4. Nxe4 Nf6 5. Ng3 g6 6. Bc4 Bg7 7. N1e2 Nbd7 8. h4 Nb6 9. Bb3 h5 10. Bg5 Nbd5 11. Qd2 Be6 12. Nf4 Nxf4 13. Bxf4 Bxb3 14. axb3 Nd5 15. Bg5 Qb6 16. Ne2 Rd8 17. 0-0 0-0 18. Bh6 Nf6 19. Bxg7 Kxg7 20. Rfd1 e5 21. Qa5 exd4 22. Qxb6 axb6 23. Rxd4 Rxd4 24. Nxd4 Re8 25. Kf1 Ne4 26. Rd1 b5 27. Rd3 Nf6 28. Nf3 Nd5 29. g3 Re7 30. Rd2 f6 31. Nd4 Kf7 32. c4 bxc4 33. bxc4 Nb6 34. b3 1/2-1/2

[Event "FAI-chT3 1718"]
[Site "Faroe Islands"]
[Date "2018.01.07"]
[Round "3.2"]
[White "Joensen, Gunnar"]
[Black "Petersen, Hjalti"]
[Result "0-1"]
[WhiteElo "1687"]
[BlackElo "1662"]
[PlyCount "88"]
[EventDate "2017.10.22"]
[EventType "team-tourn"]
[EventRounds "9"]
[EventCountry "FAI"]
[SourceTitle "EXT 2020"]
[Source "ChessBase"]
[SourceDate "2019.10.17"]
[SourceVersion "1"]
[SourceVersionDate "2019.10.17"]
[SourceQuality "1"]
[WhiteTeam "Streymur"]
[BlackTeam "Kollafjordur II"]
[WhiteTeamCountry "FAI"]
[BlackTeamCountry "FAI"]

1. c4 g6 2. Nf3 Bg7 3. Nc3 Nf6 4. g3 0-0 5. Bg2 d6 6. 0-0 Nbd7 7. b4 e5 8. Rb1 Re8 9. d3 Nf8 10. Bg5 h6 11. Bd2 Kh7 12. a4 Rb8 13. Qc2 Ne6 14. Be3 b6 15. Nb5 a6 16. Na7 Bb7 17. b5 a5 18. Nc6 Bxc6 19. bxc6 Qe7 20. Nd2 Ng4 21. Ne4 f5 22. Nc3 Nxe3 23. fxe3 Qg5 24. Qc1 h5 25. Nd5 Rf8 26. Qe1 Rf7 27. Kh1 Nc5 28. Ra1 Rbf8 29. Ra3 f4 30. gxf4 exf4 31. Nxf4 Re7 32. Nd5 Ref7 33. Rxf7 Rxf7 34. Bf3 Bh6 35. Qg3 Qd8 36. d4 Ne6 37. Ra1 Ng5 38. Rg1 Qg8 39. Bg2 Qe8 40. h4 Ne4 41. Bxe4 Qxe4+ 42. Kh2 Rf8 43. Rg2 Rf1 44. Nf4 Rxf4 0-1

[Event "FAI-chT3 1617"]
[Site "Faroe Islands"]
[Date "2017.03.05"]
[Round "8.2"]
[White "Andreasen, Jon S"]
[Black "Petersen, Hjalti"]
[Result "1-0"]
[WhiteElo "1752"]
[BlackElo "1686"]
[PlyCount "57"]
[EventDate "2016.10.23"]
[EventType "team-tourn"]
[EventRounds "9"]
[EventCountry "FAI"]
[SourceTitle "EXT 2020"]
[Source "ChessBase"]
[SourceDate "2019.10.17"]
[SourceVersion "1"]
[SourceVersionDate "2019.10.17"]
[SourceQuality "1"]
[WhiteTeam "Havnin VII"]
[BlackTeam "Kollafjordur III"]
[WhiteTeamCountry "FAI"]
[BlackTeamCountry "FAI"]

1. b3 d5 2. e3 c5 3. Bb2 Nc6 4. Bb5 Bd7 5. f4 a6 6. Bxc6 Bxc6 7. Nf3 e6 8. 0-0 Nf6 9. Ne5 Qc7 10. d3 Bd6 11. Nd2 0-0-0 12. Ndf3 h6 13. Nxc6 Qxc6 14. h3 Rhg8 15. Ne5 Qc7 16. Qe2 Rde8 17. c4 Re7 18. Ng4 Nd7 19. cxd5 exd5 20. Qf3 f5 21. Qxd5 Rge8 22. Qxf5 Kb8 23. d4 Rf8 24. Qd3 h5 25. Ne5 cxd4 26. Nxd7+ Rxd7 27. Bxd4 Bxf4 28. exf4 Rxf4 29. Rxf4 1-0

[Event "Oyri Rokur op"]
[Site "Oyri"]
[Date "2015.01.18"]
[Round "4"]
[White "Petersen, Hjalti"]
[Black "Nielsen, Rogvi Egilstoft"]
[Result "0-1"]
[WhiteElo "1891"]
[BlackElo "2291"]
[PlyCount "86"]
[EventDate "2015.01.16"]
[EventType "swiss"]
[EventRounds "5"]
[EventCountry "FAI"]
[SourceTitle "CBM 164 Extra"]
[Source "ChessBase"]
[SourceDate "2015.03.02"]
[SourceVersion "1"]
[SourceVersionDate "2015.03.02"]
[SourceQuality "1"]

1. e4 b6 2. Bc4 e6 3. Bb3 Bb7 4. Qe2 c5 5. Nf3 b5 6. d3 Nc6 7. c3 Nf6 8. Nbd2 d5 9. Nf1 c4 10. exd5 cxd3 11. Qxd3 a6 12. Bg5 Na5 13. Ne3 Nxb3 14. axb3 Bc5 15. Nd4 Bxd5 16. Nxd5 Qxd5 17. Bxf6 gxf6 18. Qf3 Bxd4 19. Qxd5 Bxc3+ 20. bxc3 exd5 21. Kd2 Kd7 22. Kd3 a5 23. Ra2 Ra7 24. Re1 Rc8 25. Re3 a4 26. Rh3 Rac7 27. Kd2 axb3 28. Rb2 b4 29. Rxb3 bxc3+ 30. Rbxc3 Rxc3 31. Rxc3 Rxc3 32. Kxc3 Kd6 33. Kd4 f5 34. h3 f6 35. g4 fxg4 36. hxg4 h6 37. f3 Kc6 38. Kc3 Kc5 39. Kd3 d4 40. Kd2 Kc4 41. Kc2 d3+ 42. Kd2 Kd4 43. Ke1 Ke3 0-1

[Event "Oyri Rokur op"]
[Site "Oyri"]
[Date "2015.01.18"]
[Round "5"]
[White "Samuelsen, Carl Eli Nolsoe"]
[Black "Petersen, Hjalti"]
[Result "1-0"]
[WhiteElo "2198"]
[BlackElo "1891"]
[PlyCount "51"]
[EventDate "2015.01.16"]
[EventType "swiss"]
[EventRounds "5"]
[EventCountry "FAI"]
[SourceTitle "CBM 164 Extra"]
[Source "ChessBase"]
[SourceDate "2015.03.02"]
[SourceVersion "1"]
[SourceVersionDate "2015.03.02"]
[SourceQuality "1"]

1. d4 Nf6 2. c4 g6 3. Nc3 Bg7 4. e4 d6 5. f4 0-0 6. Nf3 Na6 7. Be2 c5 8. d5 Bd7 9. 0-0 Qa5 10. Bd2 Nc7 11. Qe1 Qb6 12. Qh4 Bg4 13. b3 h5 14. Rae1 Nh7 15. h3 Bxf3 16. Bxf3 Bf6 17. Qg3 h4 18. Qg4 e6 19. e5 Bd8 20. dxe6 Nxe6 21. f5 Neg5 22. fxg6 fxg6 23. Bd5+ Kg7 24. Qd7+ Kh6 25. Rxf8 Nxf8 26. Qg4 1-0

[Event "Oyri Rokur op"]
[Site "Oyri"]
[Date "2015.01.17"]
[Round "3"]
[White "Vang, David"]
[Black "Petersen, Hjalti"]
[Result "0-1"]
[WhiteElo "1140"]
[BlackElo "1891"]
[PlyCount "78"]
[EventDate "2015.01.16"]
[EventType "swiss"]
[EventRounds "5"]
[EventCountry "FAI"]
[SourceTitle "CBM 164 Extra"]
[Source "ChessBase"]
[SourceDate "2015.03.02"]
[SourceVersion "1"]
[SourceVersionDate "2015.03.02"]
[SourceQuality "1"]

1. e4 g6 2. d3 Bg7 3. Nf3 c5 4. Qd2 Nc6 5. Nc3 a6 6. Qf4 Nf6 7. Nd5 0-0 8. Be3 d6 9. d4 Nh5 10. Qg5 cxd4 11. Bd2 Be6 12. Nf4 Nxf4 13. Qxf4 f5 14. Bd3 fxe4 15. Qxe4 Qd7 16. Ng5 Bf5 17. Qh4 h6 18. Ne4 Qe6 19. 0-0 g5 20. Nxg5 hxg5 21. Qxg5 Bxd3 22. cxd3 Rf5 23. Qg4 Qf7 24. Qg3 Rf8 25. f3 Ne5 26. Rae1 Nxd3 27. Re4 e5 28. Rg4 Nf4 29. Rf2 Rc8 30. Rg5 d3 31. Qg4 Rxg5 32. Qxg5 Rc2 33. g3 Ne2+ 34. Kg2 Rxb2 35. f4 Rxd2 36. fxe5 Qd5+ 37. Rf3 Nf4+ 38. Kg1 Qd4+ 39. Kf1 Rd1# 0-1

[Event "FAI-chT2 1415"]
[Site "Faroe Islands"]
[Date "2015.01.11"]
[Round "6.3"]
[White "Thomsen, Jonfinn"]
[Black "Petersen, Hjalti"]
[Result "1-0"]
[WhiteElo "1887"]
[BlackElo "1984"]
[PlyCount "91"]
[EventDate "2014.10.26"]
[EventType "team-tourn"]
[EventRounds "10"]
[EventCountry "FAI"]
[SourceTitle "EXT 2019"]
[Source "ChessBase"]
[SourceDate "2018.10.10"]
[SourceVersion "1"]
[SourceVersionDate "2018.10.10"]
[SourceQuality "1"]
[WhiteTeam "Sandavagur II"]
[BlackTeam "Sandavagur III"]
[WhiteTeamCountry "FAI"]
[BlackTeamCountry "FAI"]

1. e4 d5 2. exd5 Qxd5 3. Nc3 Qd6 4. d4 Nf6 5. Nf3 c6 6. Bd3 Bg4 7. Be3 e6 8. h3 Bh5 9. g4 Bg6 10. Qe2 Nbd7 11. 0-0-0 0-0-0 12. Kb1 Kb8 13. Ne5 Qe7 14. f4 Bxd3 15. Rxd3 g6 16. Rhd1 Bg7 17. Bg1 Nb6 18. Ne4 Nxe4 19. Qxe4 Rhe8 20. Nf3 Rd5 21. Ne5 Ra5 22. Rb3 Qc7 23. Nd3 Rd8 24. Ne5 Bxe5 25. fxe5 Kc8 26. Rbd3 Qe7 27. Qe1 Ra6 28. Bf2 Rd5 29. b4 Qc7 30. Qc3 Nd7 31. Qb2 b5 32. Bh4 Rb6 33. Rf1 Nb8 34. Rdf3 Rd7 35. Be1 Qb7 36. Bd2 Ra6 37. Bh6 Ra4 38. Bf8 Qa6 39. Bc5 Qb7 40. Qc1 a5 41. Qh6 axb4 42. Qf8+ Rd8 43. Qxf7 Qa6 44. Qxe6+ Kb7 45. Rf7+ Ka8 46. Ra7+ 1-0

[Event "FAI-chT3 1213"]
[Site "Faroe Islands"]
[Date "2013.01.19"]
[Round "3.1"]
[White "Petersen, Hjalti"]
[Black "Joensen, Helgi"]
[Result "0-1"]
[WhiteElo "1463"]
[BlackElo "1584"]
[PlyCount "61"]
[EventDate "2012.10.28"]
[EventType "team-tourn"]
[EventRounds "7"]
[EventCountry "FAI"]
[SourceTitle "EXT 2014"]
[Source "ChessBase"]
[SourceDate "2013.11.20"]
[SourceVersion "1"]
[SourceVersionDate "2013.11.20"]
[SourceQuality "1"]
[WhiteTeam "Sandavagur III"]
[BlackTeam "Toftir II"]
[WhiteTeamCountry "FAI"]
[BlackTeamCountry "FAI"]

1. e4 e5 2. Nf3 Nc6 3. Nc3 Nf6 4. Bb5 Bb4 5. 0-0 0-0 6. d3 Nd4 7. Nxd4 exd4 8. Ne2 c5 9. c3 dxc3 10. bxc3 Ba5 11. Bg5 Qe7 12. f4 Qe6 13. f5 Qe7 14. Qd2 Bd8 15. Ng3 a6 16. Ba4 b5 17. Bc2 d6 18. Rae1 Qc7 19. d4 cxd4 20. cxd4 Re8 21. Rf3 Bb7 22. Rfe3 Rc8 23. Bb1 Qc4 24. e5 Nd5 25. Bd3 Qxd4 26. Bxd8 Rcxd8 27. Kf2 Nxe3 28. Qxe3 Qxe3+ 29. Rxe3 Rxe5 30. Rxe5 dxe5 31. Bf1 0-1

[Event "FAI-chT3 1213"]
[Site "Faroe Islands"]
[Date "2013.01.19"]
[Round "4.3"]
[White "Petersen, Hjalti"]
[Black "Olsen, Alfred A"]
[Result "1-0"]
[WhiteElo "1463"]
[BlackElo "1557"]
[PlyCount "39"]
[EventDate "2012.10.28"]
[EventType "team-tourn"]
[EventRounds "7"]
[EventCountry "FAI"]
[SourceTitle "EXT 2014"]
[Source "ChessBase"]
[SourceDate "2013.11.20"]
[SourceVersion "1"]
[SourceVersionDate "2013.11.20"]
[SourceQuality "1"]
[WhiteTeam "Sandavagur IV"]
[BlackTeam "Vestmanna III"]
[WhiteTeamCountry "FAI"]
[BlackTeamCountry "FAI"]

1. e4 c5 2. Nc3 d6 3. f4 e5 4. fxe5 dxe5 5. Nf3 Bd6 6. Bc4 Nf6 7. d3 h6 8. Be3 0-0 9. 0-0 a6 10. a4 Nbd7 11. Qe1 Nh7 12. Qg3 g5 13. h4 Be7 14. Nd5 Ndf6 15. hxg5 Nxd5 16. gxh6+ Ng5 17. Bxg5 Bxg5 18. Nxg5 Nf4 19. Ne6+ Kh7 20. Qg7# 1-0

[Event "FAI-chT3 1213"]
[Site "Faroe Islands"]
[Date "2012.10.28"]
[Round "1.1"]
[White "Petersen, Hjalti"]
[Black "Joensen, Ingi Wiberg"]
[Result "0-1"]
[WhiteElo "1463"]
[BlackElo "1541"]
[PlyCount "40"]
[EventDate "2012.10.28"]
[EventType "team-tourn"]
[EventRounds "7"]
[EventCountry "FAI"]
[SourceTitle "EXT 2014"]
[Source "ChessBase"]
[SourceDate "2013.11.20"]
[SourceVersion "1"]
[SourceVersionDate "2013.11.20"]
[SourceQuality "1"]
[WhiteTeam "Sandavagur III"]
[BlackTeam "Sandavagur IV"]
[WhiteTeamCountry "FAI"]
[BlackTeamCountry "FAI"]

1. e4 c5 2. Nc3 d6 3. f4 Nc6 4. Nf3 e6 5. Bb5 Nge7 6. Bxc6+ Nxc6 7. e5 g6 8. d3 Bg7 9. Qe2 0-0 10. Ne4 dxe5 11. fxe5 Nxe5 12. Nxc5 Qa5+ 13. c3 Nxf3+ 14. Qxf3 Qxc5 15. Be3 Qb5 16. 0-0-0 Bd7 17. h4 Rac8 18. Bd2 h5 19. Rh3 Qd5 20. Qxd5 exd5 0-1